[Event "Charlotte Spring Classic"]
[Site "Charlotte"]
[Date "2021.03.28"]
[Round "4"]
[White "Tsyganov, Igor M"]
[Black "Graif, William"]
[Result "1-0"]
[WhiteElo "2221"]
[BlackElo "2257"]
[PlyCount "95"]
[EventDate "2021.03.26"]
[EventType "game"]
[EventRounds "5"]
[EventCountry "USA"]
[SourceTitle "CBM 201 Extra"]
[Source "ChessBase"]
[SourceDate "2021.05.31"]
[SourceVersion "1"]
[SourceVersionDate "2021.05.31"]
[SourceQuality "1"]

1. d4 Nf6 2. Nf3 d5 3. c4 e6 4. Nc3 a6 5. c5 b6 6. cxb6 cxb6 7. Bf4 Bd6 8. Bxd6 Qxd6 9. e3 Bb7 10. Bd3 b5 11. 0-0 Nbd7 12. a4 b4 13. Ne2 a5 14. Nc1 0-0 15. Nb3 Ba6 16. Qe2 Bxd3 17. Qxd3 Ne4 18. Rfc1 Qb6 19. Ne5 Nxe5 20. dxe5 Rfc8 21. Qd4 Qa6 22. f3 Rc4 23. Rxc4 Qxc4 24. Nxa5 Qxd4 25. exd4 Nd2 26. Rc1 f6 27. Rc5 fxe5 28. dxe5 d4 29. Kf2 d3 30. Ke3 Rxa5 31. Rc8+ Kf7 32. Kxd2 Rxa4 33. Kxd3 Ra5 34. f4 Rd5+ 35. Ke3 Rb5 36. b3 g5 37. g3 gxf4+ 38. gxf4 Kg6 39. Rf8 Kg7 40. Rf6 Rc5 41. Rxe6 Rc3+ 42. Ke4 Rxb3 43. Re7+ Kg8 44. Rb7 Rb1 45. Kf5 b3 46. Kf6 h5 47. e6 Rf1 48. f5 1-0

[Event "Chicago North Am 06th"]
[Site "Chicago"]
[Date "2007.11.01"]
[Round "6"]
[White "Tsyganov, Igor M"]
[Black "Vigorito, David"]
[Result "1/2-1/2"]
[WhiteElo "2265"]
[BlackElo "2399"]
[PlyCount "127"]
[EventDate "2007.10.06"]
[EventType "tourn"]
[EventRounds "9"]
[EventCountry "USA"]
[EventCategory "3"]
[SourceTitle "EXT 2008"]
[Source "ChessBase"]
[SourceDate "2007.11.25"]
[SourceVersion "1"]
[SourceVersionDate "2007.11.25"]
[SourceQuality "1"]

1. d4 d5 2. c4 c6 3. Nc3 Nf6 4. Nf3 e6 5. e3 Nbd7 6. Bd3 dxc4 7. Bxc4 b5 8. Be2 Bb7 9. 0-0 Be7 10. e4 b4 11. e5 bxc3 12. exf6 Bxf6 13. bxc3 c5 14. dxc5 0-0 15. Ba3 Be7 16. Rb1 Be4 17. Rb4 Bd5 18. Rd4 Qc7 19. c6 Bxa3 20. cxd7 Bc5 21. Rxd5 exd5 22. Qxd5 Rad8 23. Rd1 Qb6 24. Ne5 Bxf2+ 25. Kh1 Qe6 26. Qxe6 fxe6 27. Nc6 Bb6 28. Nxd8 Rxd8 29. Bc4 Kf7 30. Re1 Ke7 31. Bxe6 Rf8 32. Bg4+ Kd8 33. h4 Bf2 34. Rf1 Rf4 35. Bh3 Bg3 36. Rxf4 Bxf4 37. Kg1 Bg3 38. h5 h6 39. Kf1 Be5 40. c4 Kc7 41. Ke2 Bf6 42. Kd3 Bg5 43. Kd4 Bf6+ 44. Kd5 Bg5 45. Bf5 Bf6 46. Kc5 Be7+ 47. Kb5 Bh4 48. a4 Bf2 49. c5 Be3 50. c6 Bg5 51. Ka6 Be3 52. Bd3 Bd4 53. Be4 Be3 54. Bd5 Bd4 55. d8Q+ Kxd8 56. Kb7 Bb6 57. c7+ Bxc7 58. Kxa7 Ba5 59. Ka6 Bc3 60. Kb7 Bd2 61. Be4 Be1 62. Bf5 Bc3 63. Kb6 Bd4+ 64. Kc6 1/2-1/2

[Event "US Open-107"]
[Site "Chicago"]
[Date "2006.08.09"]
[Round "5"]
[White "Tsyganov, Igor M"]
[Black "Caveney, Geoffrey"]
[Result "1-0"]
[WhiteElo "2266"]
[BlackElo "2075"]
[PlyCount "111"]
[EventDate "2006.08.05"]
[EventType "swiss"]
[EventRounds "9"]
[EventCountry "USA"]
[SourceTitle "CBM 113 Extra"]
[Source "ChessBase"]
[SourceDate "2006.09.14"]
[SourceVersion "1"]
[SourceVersionDate "2006.09.14"]
[SourceQuality "1"]

1. d4 d5 2. c4 e6 3. Nc3 Nf6 4. Nf3 Be7 5. cxd5 exd5 6. Bf4 c6 7. h3 Qb6 8. Qc1 Bf5 9. e3 Ne4 10. Be2 Bb4 11. 0-0 Bxc3 12. bxc3 Qa5 13. c4 Nc3 14. Re1 Nxe2+ 15. Rxe2 Bd3 16. Rb2 dxc4 17. Rxb7 0-0 18. Ne5 Be4 19. Qxc4 Bd5 20. Qb4 Qxb4 21. Rxb4 f6 22. Nd3 Nd7 23. a4 Rf7 24. f3 f5 25. a5 a6 26. Rc1 h6 27. h4 Kh7 28. Kf2 Rg8 29. Ne5 Nxe5 30. Bxe5 Ra8 31. Ke2 Kg8 32. Kd3 Rc8 33. Rb6 Kh7 34. e4 fxe4+ 35. fxe4 Be6 36. Rcxc6 Rxc6 37. Rxc6 Bd7 38. Rb6 Rf2 39. g3 Rf7 40. d5 Bh3 41. Kd4 Bf1 42. Bf4 Rd7 43. e5 Bg2 44. d6 Bh3 45. Kd5 Bg2+ 46. Kc5 Bh3 47. Rxa6 Kg6 48. Ra8 Kf5 49. Rf8+ Ke6 50. a6 Bg2 51. Re8+ Kf7 52. e6+ Kxe8 53. exd7+ Kxd7 54. h5 Be4 55. a7 Ke6 56. Be5 1-0

[Event "Chicago op 13th"]
[Site "Chicago"]
[Date "2004.05.29"]
[Round "2"]
[White "Tsyganov, Igor M"]
[Black "Anka, Emil"]
[Result "0-1"]
[WhiteElo "2324"]
[BlackElo "2422"]
[PlyCount "82"]
[EventDate "2004.05.28"]
[EventType "swiss"]
[EventRounds "7"]
[EventCountry "USA"]
[SourceTitle "CBM 100 Extra"]
[Source "ChessBase"]
[SourceDate "2004.07.06"]
[SourceVersion "2"]
[SourceVersionDate "2004.07.06"]
[SourceQuality "1"]

1. d4 Nf6 2. Nf3 e6 3. c4 Bb4+ 4. Nc3 c5 5. Qc2 cxd4 6. Nxd4 0-0 7. Bg5 d6 8. a3 Bxc3+ 9. Qxc3 a6 10. e3 Nbd7 11. Bd3 b6 12. 0-0 Bb7 13. Qc2 h6 14. Bh4 Ne5 15. Rac1 d5 16. f4 Nxc4 17. Bxc4 Rc8 18. Bxf6 Qxf6 19. Qb3 dxc4 20. Qxb6 Rb8 21. Qa5 Qg6 22. Rf2 Qe4 23. Qe5 Qxe5 24. fxe5 Rfc8 25. Rfc2 Be4 26. Rxc4 Rxc4 27. Rxc4 Rxb2 28. Nf3 Bxf3 29. gxf3 Rb3 30. Kf2 Rxa3 31. Rc7 g5 32. Ra7 Kg7 33. h3 h5 34. Ra8 a5 35. e4 Ra2+ 36. Ke3 h4 37. Ra7 a4 38. Ra8 a3 39. f4 Rh2 40. fxg5 Rxh3+ 41. Kf2 Kg6 0-1

[Event "World op 31st"]
[Site "Philadelphia"]
[Date "2003.07.03"]
[Round "4"]
[White "Lein, Anatoly"]
[Black "Tsyganov, Igor M"]
[Result "1/2-1/2"]
[WhiteElo "2416"]
[BlackElo "2250"]
[PlyCount "51"]
[EventDate "2003.06.30"]
[EventType "swiss"]
[EventRounds "9"]
[EventCountry "USA"]
[SourceTitle "EXT 2004"]
[Source "ChessBase"]
[SourceDate "2003.11.25"]
[SourceVersion "1"]
[SourceVersionDate "2003.11.25"]
[SourceQuality "1"]

1. e4 c5 2. c3 g6 3. d4 d5 4. exd5 Qxd5 5. Nf3 Bg7 6. Be2 cxd4 7. cxd4 Nf6 8. Nc3 Qd8 9. 0-0 0-0 10. d5 e6 11. dxe6 Bxe6 12. Nd4 Bd7 13. Bf3 Nc6 14. Nxc6 Bxc6 15. Bxc6 bxc6 16. Qf3 Nd5 17. Rd1 Qa5 18. Bd2 Nxc3 19. Bxc3 Bxc3 20. Qxc3 Qxc3 21. bxc3 Rfd8 22. Kf1 Rab8 23. Rxd8+ Rxd8 24. Ke2 Rb8 25. Rd1 Kf8 26. Rd2 1/2-1/2

[Event "World op 31st"]
[Site "Philadelphia"]
[Date "2003.07.02"]
[Round "3"]
[White "Tsyganov, Igor M"]
[Black "Nakamura, Hikaru"]
[Result "1/2-1/2"]
[WhiteElo "2250"]
[BlackElo "2561"]
[PlyCount "80"]
[EventDate "2003.06.30"]
[EventType "swiss"]
[EventRounds "9"]
[EventCountry "USA"]
[SourceTitle "EXT 2004"]
[Source "ChessBase"]
[SourceDate "2003.11.25"]
[SourceVersion "1"]
[SourceVersionDate "2003.11.25"]
[SourceQuality "1"]

1. d4 Nf6 2. Nf3 g6 3. c4 Bg7 4. Nc3 0-0 5. e4 d6 6. Be2 Na6 7. 0-0 e5 8. Be3 Ng4 9. Bg5 Qe8 10. d5 f5 11. Nd2 Nf6 12. f3 h6 13. Be3 f4 14. Bf2 g5 15. c5 Nxc5 16. b4 Na6 17. Bxa6 bxa6 18. Qe2 Qg6 19. Rfc1 Rf7 20. b5 axb5 21. Nxb5 Ba6 22. Rc6 Bxb5 23. Qxb5 g4 24. Kh1 Bf8 25. Qb7 Re8 26. Bxa7 Rg7 27. Qb3 h5 28. a4 Ra8 29. Bg1 h4 30. fxg4 h3 31. Qf3 hxg2+ 32. Qxg2 Nxg4 33. a5 Qh6 34. a6 Nf6 35. Qf3 Nh5 36. Bf2 Ng3+ 37. Bxg3 fxg3 38. Qg2 Ra7 39. Rac1 Qh4 40. h3 Qg5 1/2-1/2

[Event "Vermont CCA op"]
[Site "Stratton Mountain"]
[Date "2003.06.07"]
[Round "8"]
[White "Adamson, Robby"]
[Black "Tsyganov, Igor M"]
[Result "0-1"]
[WhiteElo "2308"]
[BlackElo "2250"]
[PlyCount "78"]
[EventDate "2003.06.03"]
[EventType "swiss"]
[EventRounds "10"]
[EventCountry "USA"]
[SourceTitle "CBM 094 Extra"]
[Source "ChessBase"]
[SourceDate "2003.07.09"]
[SourceVersion "2"]
[SourceVersionDate "2003.07.09"]
[SourceQuality "1"]

1. e4 c5 2. Nf3 Nc6 3. c3 d6 4. d4 Nf6 5. Bd3 Bg4 6. d5 Nb8 7. h3 Bxf3 8. Qxf3 g6 9. 0-0 Bg7 10. Bg5 0-0 11. Nd2 Nbd7 12. Qg3 Qc7 13. Rfe1 Rae8 14. Bc4 a6 15. a4 Nh5 16. Qh4 h6 17. Be3 Ne5 18. f4 Nxc4 19. Nxc4 b5 20. axb5 axb5 21. Na5 Ra8 22. Nc6 Nf6 23. Rad1 e6 24. Bc1 Rae8 25. f5 exf5 26. exf5 g5 27. Qf2 Nxd5 28. Rxe8 Rxe8 29. Rxd5 Qxc6 30. Rd3 Be5 31. h4 Qe4 32. Rh3 Qb1 33. Qf1 Bf4 34. hxg5 Qxc1 35. Qxc1 Bxc1 36. b3 hxg5 37. Rd3 Bf4 38. Kf2 Kg7 39. Kf3 Kf6 0-1

[Event "Chicago op 11th"]
[Site "Chicago"]
[Date "2002.05.24"]
[Round "1"]
[White "Nakamura, Hikaru"]
[Black "Tsyganov, Igor M"]
[Result "1-0"]
[WhiteElo "2466"]
[BlackElo "2250"]
[PlyCount "48"]
[EventDate "2002.05.24"]
[EventType "swiss"]
[EventRounds "7"]
[EventCountry "USA"]
[SourceTitle "CBM 088 Extra"]
[Source "ChessBase"]
[SourceDate "2002.07.01"]
[SourceVersion "2"]
[SourceVersionDate "2002.07.01"]
[SourceQuality "1"]

1. e4 c5 2. Nf3 Nc6 3. Nc3 g6 4. d4 cxd4 5. Nxd4 Bg7 6. Be3 Qa5 7. Nb3 Qd8 8. f4 d6 9. Be2 Nf6 10. g4 0-0 11. g5 Ne8 12. h4 e5 13. h5 exf4 14. Bxf4 Be6 15. Qd2 a5 16. Nb5 a4 17. N3d4 a3 18. b3 d5 19. hxg6 hxg6 20. 0-0-0 Nxd4 21. Nxd4 Qb6 22. Bf3 Qxd4 23. Qxd4 Bxd4 24. Rxd4 Kg7 1-0

[Event "RUS-Cup8"]
[Site "Smolensk"]
[Date "1997.??.??"]
[Round "2"]
[White "Komissarov, Ivan"]
[Black "Tsyganov, Igor M"]
[Result "1-0"]
[WhiteElo "2320"]
[BlackElo "2255"]
[PlyCount "57"]
[EventDate "1997.06.13"]
[EventType "swiss"]
[EventRounds "9"]
[EventCountry "RUS"]
[SourceTitle "CBM 058 Extra"]
[Source "ChessBase"]
[SourceDate "1997.07.29"]
[SourceVersion "1"]
[SourceVersionDate "1997.07.29"]
[SourceQuality "1"]

1. e4 e6 2. d4 d5 3. Nc3 Nf6 4. e5 Nfd7 5. f4 c5 6. Nf3 Nc6 7. Be3 cxd4 8. Nxd4 Be7 9. Qg4 g6 10. 0-0-0 a6 11. h4 Nxd4 12. Bxd4 h5 13. Qg3 Qa5 14. Bd3 Nc5 15. Qe3 Bd7 16. Kb1 Nxd3 17. Rxd3 Rc8 18. a3 Qc7 19. Rc1 b5 20. Nxd5 exd5 21. e6 Bxe6 22. Bxh8 Qb7 23. g3 a5 24. Rc3 Ra8 25. Be5 b4 26. Rc7 Qb5 27. f5 d4 28. Rxe7+ Kxe7 29. Qg5+ 1-0

[Event "RUS-Cup8"]
[Site "Smolensk"]
[Date "1997.??.??"]
[Round "5"]
[White "Tsyganov, Igor M"]
[Black "Tarasov, Igor"]
[Result "0-1"]
[WhiteElo "2255"]
[BlackElo "2350"]
[PlyCount "70"]
[EventDate "1997.06.13"]
[EventType "swiss"]
[EventRounds "9"]
[EventCountry "RUS"]
[SourceTitle "CBM 058 Extra"]
[Source "ChessBase"]
[SourceDate "1997.07.29"]
[SourceVersion "1"]
[SourceVersionDate "1997.07.29"]
[SourceQuality "1"]

1. d4 Nf6 2. Nf3 e6 3. c4 b6 4. Bg5 Bb7 5. Nc3 h6 6. Bh4 Be7 7. e3 0-0 8. Bd3 d5 9. 0-0 c5 10. Rc1 Nbd7 11. cxd5 exd5 12. Bg3 Ne4 13. Ne2 Ndf6 14. dxc5 bxc5 15. b3 Nxg3 16. Nxg3 g6 17. Qc2 Kg7 18. Rfd1 Rc8 19. e4 Qb6 20. exd5 Nxd5 21. Ne4 f5 22. Ned2 Nb4 23. Qb1 Bf6 24. Nc4 Qc7 25. Ne3 Rcd8 26. Bc2 Bxf3 27. gxf3 Qf4 28. a3 Nc6 29. Ng2 Qxf3 30. Rxd8 Rxd8 31. Bd1 Qd5 32. Nf4 Qd6 33. Ng2 Bd4 34. b4 Re8 35. Bf3 Ne5 0-1